| 000 -CABECERA |
| Campo de control de longitud fija |
00563nam a22001817a 4500 |
| 005 - FECHA Y HORA DE LA ÚLTIMA TRANSACCIÓN |
| Campo de control |
20231221172802.0 |
| 008 - CAMPO FIJO DE DESCRIPCIÓN FIJA--INFORMACIÓN GENERAL |
| Campo de control de longitud fija |
231221b ||||| |||| 00| 0 eng d |
| 020 ## - ISBN (INTERNATIONAL STANDARD BOOK NUMBER) |
| ISBN |
9788418680397 |
| 040 ## - FUENTE DE CATALOGACIÓN |
| Agencia que realiza la transcripción |
CDMR |
| 100 ## - ENCABEZAMIENTO PRINCIPAL--NOMBRE PERSONAL |
| 9 (RLIN) |
4917 |
| Nombre de persona |
Muñoz, Josep M. |
| 245 ## - MENCIÓN DE TÍTULO |
| Título |
Les petjades de la memòria |
| Parte restante del título |
: onze entrevistes de L'Avenç |
| Mención de responsabilidad, etc. |
/ Josep M. Muñoz Lloret ; pròleg d'Ignasi Aragay |
| 260 ## - PUBLICACIÓN, DISTRIBUCIÓN, ETC (PIE DE IMPRENTA) |
| Lugar de publicación, distribución, etc. |
Barcelona : |
| Nombre del editor, distribuidor, etc. |
L'Avenç, |
| Fecha de publicación, distribución, etc. |
2023 |
| 300 ## - DESCRIPCIÓN FÍSICA |
| Extensión |
325 p. |
| 490 ## - MENCIÓN DE SERIE |
| Mención de serie |
L'Avenç Assaig |
| Número de volumen/designación secuencial |
; 129 |
| 630 #0 - ASIENTO SECUNDARIO DE MATERIA--TÍTULO UNIFORME |
| 9 (RLIN) |
4918 |
| Título Uniforme |
L'Avenç (Revista) |
| 650 #0 - ASIENTO SECUNDARIO DE MATERIA--TÉRMINO DE MATERIA |
| 9 (RLIN) |
4266 |
| Nombre de materia o nombre geográfico como elemento de entrada |
Intervius |
| 942 ## - ELEMENTOS KOHA |
| Fuente de clasificación o esquema de ordenación en estanterías |
|
| Koha tipo de item |
Monografies |